Unix/linux survival guide. (Record no. 96)
[ view plain ]
| 000 -LEADER | |
|---|---|
| fixed length control field | 00513cam a2200193ua 4500 |
| 008 - FIXED-LENGTH DATA ELEMENTS--GENERAL INFORMATION | |
| fixed length control field | 110318n ii |||gr||||Z||||||eng |
| 020 ## - INTERNATIONAL STANDARD BOOK NUMBER | |
| International Standard Book Number | 81-8404-065-2 |
| 040 ## - CATALOGING SOURCE | |
| Transcribing agency | MAIN |
| 082 ## - DEWEY DECIMAL CLASSIFICATION NUMBER | |
| Classification number | 005 |
| 245 ## - TITLE STATEMENT | |
| Title | Unix/linux survival guide. |
| Statement of responsibility, etc. | By Erik M. Keller. |
| 250 ## - EDITION STATEMENT | |
| Edition statement | 1st. |
| 260 ## - PUBLICATION, DISTRIBUTION, ETC. | |
| Place of publication, distribution, etc. | New Delhi.: |
| Name of publisher, distributor, etc. | Charles River media, inc., |
| Date of publication, distribution, etc. | 2006. |
| 300 ## - PHYSICAL DESCRIPTION | |
| Extent | xii, 290 p.: |
| Other physical details | ill.; |
| Dimensions | 20 cm.+ |
| Accompanying material | CD. |
| 700 0# - ADDED ENTRY--PERSONAL NAME | |
| Personal name | Keller, Erik M., |
| 942 ## - ADDED ENTRY ELEMENTS (KOHA) | |
| Koha item type | Books |
| 653 ## - INDEX TERM--UNCONTROLLED | |
| Uncontrolled term | Computer science. |
| 653 ## - INDEX TERM--UNCONTROLLED | |
| Uncontrolled term | Unix/linux survival guide. |
| Withdrawn status | Lost status | Damaged status | Not for loan | Home library | Current library | Shelving location | Date acquired | Total Checkouts | Full call number | Barcode | Date last seen | Copy number | Price effective from | Koha item type |
|---|---|---|---|---|---|---|---|---|---|---|---|---|---|---|
| Central Library, Naharkatiya College | Central Library, Naharkatiya College | General Stacks | 19/09/2020 | 005 | KEL | 20016 | 19/09/2020 | 1 | 19/09/2020 | Books |
